000 01944nam a2200229Ia 4500
003 Ost
005 20260507074956.0
008 260507s9999||||xx |||||||||||||| ||und||
020 _a9774100484
040 _cfsecg
041 _aara
082 _a332.12
100 _aالناغى، محمود السيد
_eمؤلف
245 0 _aالمنهج المحاسبي في البنوك التجارية :
_bالتأصيل واطار التطبيق /
_c محمود السيد الناغى
260 _aالقاهرة:
_bالمكتبة العصرية,
_c2007
300 _a323 صفحة؛
_bإيضاحات ؛
_c24 سم
504 _aببليوغرافيا:ص.323
520 _aطبيعة الطلب والعرض للمعلومات المحاسبية في البنوك التجارية:طبيعة وتطور الخدمات المصرفية على الطلب على المعلومات المحاسبية،عرض القوائم المالية في البنوك التجارية لمقابلة الطلب على المعلومات المحاسبية،عمليات القياس والتشغيل المحاسبي لتوفير المعلومات المحاسبية:هيكل النظام المحاسبي في البنوك التجارية،الأسس المحاسبية واطار التطبيق لانشطة البنوك التجارية،إعداد القوائم المالية في البنوك التجارية ،تحديات التطوير لنظم المعلومات المحاسبية في البنوك التجارية:التحديات المعاصرة لاعداد واستخدام المعلومات المحاسبية في البنوك التجارية،مبادئ حوكمة الشركات ومجال تطبيقها في البنوك التجارية،إدارة المخاطر المصرفية وتكنولوجيا المعلومات
653 _aالبنوك التجارية
653 _aالبنوك-محاسبة
942 _cكتاب
999 _c42026
_d42026